000 00464nam a2200181 4500
001 19617
005 20230410124134.0
008 060907n2000 dr spa
020 _a1580930158
035 _9funglode19768
041 _aES
050 1 4 _aNA 7239 G994 2000
245 0 _aGwathmey Siegel houses /
_c edited by Brad Collins
260 _aNew York :
_bMonacelli Press,
_c2000
300 _a464 p
700 _aCollins, Brad
942 _2lcc
_cbk
999 _c71769
_d71769